00389nam a2200121Ia 4500008004100000100002100041245005900062260003600121300000800157942000700165999001500172952008000187201216s9999 xx 000 0 und d aBaughman, E Earl 0aPersonality: The psychological study of the individual aEnglewood CliffsbPrentice Hall a659 cBK c6437d6437 00104070aCLd2020-12-16o155.2 B346pPM01473r2020-12-16w2020-12-16yBK